000 00702 a2200217 4500
003 OSt
005 20180116192355.0
008 120612t xxu||||| |||| 00| 0 eng d
010 _a 2007922780
020 _a9780500513811
040 _c0
082 0 0 _a677
100 1 _aColchester, Chloë.
_94389
245 1 0 _aTextiles today :
_ba global survey of trends and traditions /
_cChlöe Colchester.
260 _aNew York, NY :
_bThames & Hudson,
_c2007.
300 _a208 p. :
_bill. (chiefly col.) ;
_c27 cm.
650 1 0 _aTextile fabrics.
_94390
650 1 0 _aTextile design.
_94391
942 _aSADA
_cBK
_k677 COL 2007
_2ddc
999 _c353092
_d353092